[Event "Dortmund"]
[Site "Dortmund"]
[Date "1996.??.??"]
[Round "1"]
[White "Kramnik, Vladimir"]
[Black "Gelfand, Boris"]
[Result "1/2-1/2"]
[WhiteElo "2765"]
[BlackElo "2665"]

1.Nf3 Nf6 2.c4 g6 3.Nc3 Bg7 4.e4 d6 5.d4 O-O 6.Be2 e5 7.O-O Nc6 8.d5 Ne7
9.b4 Nh5 10.Re1 a5 11.Ba3 Nf4 12.Bf1 Bg4 13.h3 Bxf3 14.Qxf3 axb4 15.Bxb4 c5
16.dxc6 Nxc6 17.a3 Ne6 18.Nb5 Ned4 19.Qd3 Nxb4 20.axb4 Qb6 21.Nxd4 exd4 22.Qd2 Ra7
23.Rec1 Rfa8 24.Rxa7  1/2-1/2

[Event "Dortmund"]
[Site "Dortmund"]
[Date "1996.??.??"]
[Round "1"]
[White "Leko, Peter"]
[Black "Adams, Michael"]
[Result "0-1"]
[WhiteElo "2630"]
[BlackElo "2685"]

1.e4 c6 2.d4 d5 3.Nc3 dxe4 4.Nxe4 Nd7 5.Ng5 Ngf6 6.Bd3 e6 7.N1f3 Bd6 8.Qe2 h6
9.Ne4 Nxe4 10.Qxe4 Qc7 11.Qg4 Kf8 12.O-O c5 13.Re1 b6 14.b3 Nf6 15.Qh4 Bb7
16.Ne5 cxd4 17.Qxd4 Qc5 18.Bb2 Qxd4 19.Bxd4 Rd8 20.Bb2 Ke7 21.Rad1 Bc5 22.Kf1 Nd5
23.a3 Nf4 24.f3 f6 25.Ng6+ Nxg6 26.Bxg6 a5 27.Bd3 g5 28.Bc4 e5 29.Bc1 h5
30.Be3 Bxe3 31.Rxd8 Rxd8 32.Rxe3 Rd1+ 33.Re1 Rd2 34.Re2 Rd4 35.Kf2 g4 36.Bd3 h4
37.fxg4 Rf4+ 38.Kg1 Rxg4 39.c3 Bd5 40.b4 Ke6 41.Rf2 Rg5 42.c4 Bc6 43.Bf1 axb4
44.axb4 f5 45.Ra2 f4 46.Ra6 Bxg2 47.Rxb6+ Kf5 48.Rb8 h3 49.c5 e4 50.Rf8+ Ke5
51.c6 e3 52.Bxg2 Rxg2+ 53.Kf1 Rc2 54.b5 Ke4 55.Ke1 Kf3 56.Kd1 Rc5 57.Re8 Kf2  0-1

[Event "Dortmund"]
[Site "Dortmund"]
[Date "1996.??.??"]
[Round "1"]
[White "Shirov, Alexei"]
[Black "Topalov, Veselin"]
[Result "1/2-1/2"]
[WhiteElo "2685"]
[BlackElo "2750"]

1.d4 Nf6 2.c4 g6 3.Nc3 Bg7 4.e4 d6 5.Be2 O-O 6.Nf3 e5 7.Be3 c6 8.O-O exd4
9.Nxd4 Re8 10.Qc2 Qe7 11.f3 d5 12.cxd5 cxd5 13.Bd3 Na6 14.a3 Bd7 15.Rfe1 dxe4
16.Nxe4 Nxe4 17.Bxe4 Rac8 18.Qf2 Nc5 19.Bc2 Qf6 20.Rad1 b6 21.Qd2 Ne6 22.Be4 Rcd8
23.Qc1 Ba4 24.b3 Bd7 25.Nc6 Bxc6 26.Qxc6 Nc5 27.Bxc5 Qxc6 28.Bxc6 Rxe1+ 29.Rxe1 bxc5
30.Re8+  1/2-1/2

[Event "Dortmund"]
[Site "Dortmund"]
[Date "1996.??.??"]
[Round "2"]
[White "Anand, Viswanathan"]
[Black "Leko, Peter"]
[Result "1-0"]
[WhiteElo "2735"]
[BlackElo "2630"]

1.e4 c5 2.Nf3 e6 3.d4 cxd4 4.Nxd4 Nc6 5.Nc3 Qc7 6.Be2 a6 7.O-O b5 8.Nxc6 dxc6
9.Bg5 Bb7 10.Qd2 Nf6 11.Rad1 b4 12.Bxf6 gxf6 13.Na4 c5 14.Bf3 Rg8 15.Qe3 Rg5
16.b3 Bd6 17.g3 Be5 18.Bg2 Bd4 19.Rxd4 cxd4 20.Qxd4 Qe7 21.h4 Ra5 22.Qd2 Rd8
23.Qh6 Bc6 24.Nb6 Rxa2 25.Nc4 Bb5 26.e5 f5 27.Rc1 Qc5 28.Nd6+ Rxd6 29.exd6 Qxd6
30.Bf3 Bc6 31.Qf4 Qd7 32.Qb8+ Ke7 33.Bxc6 Qxc6 34.Rd1 Qe8 35.Qxb4+ Kf6 36.Qd2 Qc8
37.Qg5+ Ke5 38.Qg7+ f6 39.Qh6  1-0

[Event "Dortmund"]
[Site "Dortmund"]
[Date "1996.??.??"]
[Round "3"]
[White "Shirov, Alexei"]
[Black "Lobron, Eric"]
[Result "0-1"]
[WhiteElo "2685"]
[BlackElo "2585"]

1.e4 c5 2.Nf3 d6 3.d4 cxd4 4.Nxd4 Nf6 5.Nc3 Nc6 6.Bg5 e6 7.Qd2 a6 8.O-O-O h6
9.Be3 Be7 10.f4 Nxd4 11.Bxd4 b5 12.Bxf6 Bxf6 13.Qxd6 Qxd6 14.Rxd6 Bb7 15.e5 Be7
16.Rd1 g5 17.Bd3 Bxg2 18.Rhg1 Bc6 19.f5 O-O-O 20.Rgf1 g4 21.f6 Bc5 22.Rde1 Bd4
23.Be4 Be8 24.Bg2 Rg8 25.h4 Kc7 26.Ne4 Bc6 27.Re2 Bxe5 28.Nc5 Bxg2 29.Rxg2 Kb6
30.Nd3 Bc7 31.Kd2 Rd5 32.Ke3 Rf5 33.Rc1 Rxf6 34.c4 Rf3+ 35.Ke2 f5 36.cxb5 axb5
37.Nb4 Kb7 38.Rc5 Bb6 39.Re5 f4 40.Kd1 Rf1+  0-1

[Event "Dortmund"]
[Site "Dortmund"]
[Date "1996.??.??"]
[Round "3"]
[White "Topalov, Veselin"]
[Black "Gelfand, Boris"]
[Result "1/2-1/2"]
[WhiteElo "2750"]
[BlackElo "2665"]

1.d4 d5 2.c4 c6 3.Nf3 Nf6 4.Nc3 e6 5.Bg5 h6 6.Bh4 dxc4 7.e4 g5 8.Bg3 b5 9.Be2 Bb7
10.O-O Nbd7 11.a4 b4 12.e5 Nh5 13.Ne4 c5 14.Nfd2 Nxg3 15.fxg3 Be7 16.Nd6+ Bxd6
17.exd6 c3 18.bxc3 bxc3 19.Nc4 O-O 20.Rc1 f5 21.dxc5 Rc8 22.Bf3 Ba6 23.c6 Bxc4
24.c7 Qf6 25.Re1 Nc5 26.Re3 Ne4 27.h3 Bd5 28.Bxe4 fxe4 29.Rexc3 Rf7 30.Kh2 Qe5
31.Rc6 e3 32.Qe2 Bxc6 33.Rxc6 Qd5 34.Qa6 Rff8 35.Rc3 Kg7 36.Rd3 Qe4 37.Qxc8 Rxc8
38.d7 Rxc7 39.d8=Q Rf7 40.Qd4+ Qxd4 41.Rxd4 Rb7 42.Re4 Kf6 43.Rxe3 Rb4 44.Rf3+ Ke7
45.Rc3 Rxa4 46.Rc7+ Kd6 47.Rh7 a5 48.Rxh6 Rc4 49.Rh8 a4 50.h4 g4 51.h5 Ke7
52.h6 Kf7 53.Re8 Rc5 54.Ra8 Rh5+ 55.Kg1 Rxh6 56.Rxa4 Rg6 57.Kf2  1/2-1/2

[Event "Dortmund"]
[Site "Dortmund"]
[Date "1996.??.??"]
[Round "3"]
[White "Leko, Peter"]
[Black "Lobron, Eric"]
[Result "1/2-1/2"]
[WhiteElo "2630"]
[BlackElo "2585"]

1.e4 c5 2.Nf3 e6 3.d4 cxd4 4.Nxd4 Nf6 5.Nc3 Nc6 6.Ndb5 d6 7.Bf4 e5 8.Bg5 a6
9.Na3 b5 10.Bxf6 gxf6 11.Nd5 Bg7 12.c3 f5 13.exf5 Bxf5 14.Nc2 O-O 15.Nce3 Be6
16.Bd3 f5 17.Bc2 f4 18.Qh5 Rf7 19.Bxh7+ Kf8 20.Bf5 Qe8 21.Bxe6 Qxe6 22.Qg4 Qh6
23.Nf5 Qe6 24.Nfe3 Qh6 25.Nf5 Qe6 26.Nfe3  1/2-1/2

[Event "Dortmund"]
[Site "Dortmund"]
[Date "1996.??.??"]
[Round "4"]
[White "Anand, Viswanathan"]
[Black "Kramnik, Vladimir"]
[Result "1/2-1/2"]
[WhiteElo "2735"]
[BlackElo "2765"]

1.e4 c5 2.Nf3 Nc6 3.Bb5 g6 4.O-O Bg7 5.Re1 e5 6.Bxc6 dxc6 7.d3 Qe7 8.Nbd2 Nf6
9.Nc4 Nd7 10.a4 Nb6 11.Na5 O-O 12.b3 Nd7 13.Nc4 Rd8 14.Ba3 Nf8 15.Qd2 Bg4
16.Qe3 b6  1/2-1/2

[Event "Dortmund"]
[Site "Dortmund"]
[Date "1996.??.??"]
[Round "5"]
[White "Gelfand, Boris"]
[Black "Polgar, Judit"]
[Result "1/2-1/2"]
[WhiteElo "2665"]
[BlackElo "2665"]

1.d4 Nf6 2.Nf3 g6 3.c4 Bg7 4.g3 O-O 5.Bg2 d6 6.O-O Nbd7 7.Nc3 e5 8.h3 a6
9.Be3 exd4 10.Nxd4 Re8 11.Qd2 Nc5 12.Bg5 Qd7 13.Bxf6 Bxf6 14.Rad1 Bg7 15.e3 Rb8
16.Nde2 Qd8 17.b4 Nd7 18.Qc2 a5 19.a3 axb4 20.axb4 Bf8 21.Ne4 Nf6 22.Nxf6+ Qxf6
23.Nc3 Qe5 24.Rd5 Qe7 25.Ra5 c6 26.b5  1/2-1/2

[Event "Dortmund"]
[Site "Dortmund"]
[Date "1996.??.??"]
[Round "5"]
[White "Shirov, Alexei"]
[Black "Anand, Viswanathan"]
[Result "1/2-1/2"]
[WhiteElo "2685"]
[BlackElo "2735"]

1.e4 c6 2.d4 d5 3.e5 Bf5 4.Nf3 e6 5.Be2 c5 6.Be3 Ne7 7.c4 dxc4 8.Nc3 Nbc6
9.dxc5 Nd5 10.Nxd5 Qxd5 11.O-O Bd3 12.Rc1 Rd8 13.Bxd3 cxd3 14.Qa4 Be7 15.Rfd1 O-O
16.Rc3 Rd7 17.Qb5 Rfd8 18.Rcxd3 Qxd3 19.Rxd3 Rxd3 20.g3 R8d7 21.Kg2 h6 22.Qc4 a6
23.h4 R7d5 24.b4 Ra3 25.Qc2 Rdd3 26.Qb2 a5 27.bxa5 Nxa5 28.Qb5 Bf8 29.Nd4 Nc6
30.Nxc6 bxc6 31.Qxc6 Rxe3  1/2-1/2

[Event "Dortmund"]
[Site "Dortmund"]
[Date "1996.??.??"]
[Round "5"]
[White "Topalov, Veselin"]
[Black "Adams, Michael"]
[Result "0-1"]
[WhiteElo "2750"]
[BlackElo "2685"]

1.Nf3 d6 2.d4 Bg4 3.c4 Nd7 4.e4 Bxf3 5.Qxf3 g6 6.Nc3 Bg7 7.Qd1 c5 8.d5 Bxc3+
9.bxc3 Ngf6 10.f3 Qa5 11.Qb3 O-O-O 12.Be2 Rdg8 13.Rb1 Qc7 14.Be3 Kb8 15.Qc2 g5
16.O-O Rg6 17.Rb2 Ka8 18.Rfb1 Rb8 19.Kh1 h5 20.Qd2 g4 21.Qc2 gxf3 22.gxf3 Ne5
23.f4 Qc8 24.Bf1 Nxc4 25.Bxc4 Qh3 26.Rf1 Qxe3 27.Qd3 Qxe4+ 28.Qxe4 Nxe4 29.Bd3 f5
30.Bxe4 fxe4 31.Re2 a6 32.Rxe4 Rg7 33.a4 Ka7 34.Rfe1 Rf8 35.a5 Rff7 36.R1e3 Rg4
37.Rxe7 Rxe7 38.Rxe7 Rxf4 39.Re6 Rc4 40.Rxd6 Rxc3 41.Rh6 Rd3 42.Rxh5 c4 43.Rh4 c3
44.Rc4 Rxd5 45.Rxc3 Rxa5 46.h4 Rh5 47.Rh3 b5 48.Kg2 Kb6 49.Kf3 a5 50.Ke2 b4
51.Kd2 Kb5 52.Kc2 a4 53.Kb2 Rf5 54.h5 a3+ 55.Kb1 Rf1+ 56.Ka2 Ka4 57.Rh4 Rf2+
58.Ka1 a2 59.h6 Ka3  0-1

[Event "Dortmund"]
[Site "Dortmund"]
[Date "1996.??.??"]
[Round "5"]
[White "Huebner, Robert"]
[Black "Lobron, Eric"]
[Result "1/2-1/2"]
[WhiteElo "2595"]
[BlackElo "2585"]

1.d4 Nf6 2.Nf3 c5 3.d5 b5 4.Bg5 d6 5.Bxf6 exf6 6.e4 a6 7.a4 b4 8.Nbd2 f5
9.exf5 Bxf5 10.a5 Ra7 11.Be2 g6 12.O-O Bg7 13.Nc4 O-O 14.Re1 Re7 15.Bf1 Rxe1
16.Nxe1 Qc7 17.Qe2 Rd8 18.Nf3 Bf6 19.Re1 Bd7 20.Nfd2 Bb5 21.Qf3 Bg7 22.h4 h5
23.c3 bxc3 24.bxc3 Rf8 25.Nb6 Qd8 26.Bxb5 axb5 27.Ne4 Na6 28.g3 Nc7 29.Re3 c4
30.Qf4 Be5 31.Qh6 Bg7 32.Qg5 Na8 33.Qxd8 Rxd8 34.Nxa8 Rxa8 35.Nxd6 Rxa5 36.Re8+ Bf8
37.Rb8 b4 38.Nxc4 Ra1+ 39.Kg2 bxc3 40.Ne3 Rd1 41.Rc8 Rd3 42.Kf3 Kg7 43.Ke4 Rd2
44.Rxc3  1/2-1/2

[Event "Dortmund"]
[Site "Dortmund"]
[Date "1996.??.??"]
[Round "5"]
[White "Kramnik, Vladimir"]
[Black "Leko, Peter"]
[Result "1/2-1/2"]
[WhiteElo "2765"]
[BlackElo "2630"]

1.Nf3 Nf6 2.c4 g6 3.Nc3 d5 4.cxd5 Nxd5 5.e4 Nxc3 6.bxc3 Bg7 7.d4 c5 8.Rb1 O-O
9.Be2 cxd4 10.cxd4 Qa5+ 11.Bd2 Qxa2 12.O-O a5 13.Qc1 Bg4 14.Bc4 Qa4 15.Bb5 Qa2
16.Bc4 Qa4 17.Rxb7 Bxf3 18.gxf3 Nc6 19.Bb5 Qxb5 20.Rxb5 Nxd4 21.Rxa5 Ne2+
22.Kg2 Nxc1 23.Rxc1  1/2-1/2

[Event "Dortmund"]
[Site "Dortmund"]
[Date "1996.??.??"]
[Round "8"]
[White "Huebner, Robert"]
[Black "Topalov, Veselin"]
[Result "1/2-1/2"]
[WhiteElo "2595"]
[BlackElo "2750"]

1.c4 g6 2.d4 Bg7 3.Nc3 Nf6 4.Nf3 O-O 5.g3 d5 6.Bg2 dxc4 7.Qa4 Nfd7 8.Qxc4 Nb6
9.Qd3 Nc6 10.Bf4 Nxd4 11.Nxd4 e5 12.Ndb5 Qxd3 13.exd3 exf4 14.Nxc7 Rb8 15.O-O fxg3
16.hxg3 Rd8 17.Rfe1 Bf5 18.Be4 Bxe4 19.dxe4 Bxc3 20.bxc3 Rbc8 21.Nb5 a6 22.Nd4 Rxc3
23.Nb3 Nc4 24.Red1 Rxd1+ 25.Rxd1 a5 26.Rd8+ Kg7 27.Rc8 a4 28.Nd4 Kf6 29.Rc5 g5
30.e5+ Kg6 31.Rc8 g4 32.Rg8+ Kh5 33.Rc8 a3 34.Kh2 Rc1 35.Rc7 Kg6 36.Rc8 h5
37.Rg8+ Kh7 38.Rc8 Rc3 39.Kg1 b5 40.Nxb5 Rc1+ 41.Kh2 Rc2 42.Kg1 Rc1+ 43.Kh2 Rc2
44.Kg1 Ne3 45.Rd8 Rc1+ 46.Kh2 Rc2 47.Kg1 Nf5 48.Nxa3 Rxa2 49.Nb5 h4 50.Nd6 Ra1+
51.Kh2 hxg3+ 52.fxg3 Ra2+ 53.Kg1 Nxg3 54.Nxf7 Nf5 55.e6 Ra1+ 56.Kg2 Ra2+
57.Kg1 g3 58.Ng5+ Kg7 59.Ne4 Re2  1/2-1/2

[Event "Dortmund"]
[Site "Dortmund"]
[Date "1996.??.??"]
[Round "8"]
[White "Lobron, Eric"]
[Black "Adams, Michael"]
[Result "1/2-1/2"]
[WhiteElo "2585"]
[BlackElo "2685"]

1.d4 Nf6 2.Nf3 e6 3.e3 c5 4.Bd3 d5 5.b3 cxd4 6.exd4 Bb4+ 7.c3 Be7 8.O-O O-O
9.Nbd2 b6 10.Qe2 a5 11.a4 Ba6 12.Bb5 Bb7 13.Bb2 Nc6 14.Rfe1 Rc8 15.Rad1 Qc7
16.Bd3 Rfe8 17.Bb1 g6 18.Ne5 Bf8 19.f4 Bg7 20.Qf2 Ne7 21.g4 Nc6 22.Qh4 Nd7
23.Re3 Qd8 24.g5 h5 25.Nxg6 fxg6 26.Bxg6 Ne7 27.Bxe8 Qxe8 28.Rxe6 Nf8 29.Rxb6 Rc7
30.Nf3 Neg6 31.Qg3 Qe3+ 32.Qf2 Qxf4 33.Rf1 Bc8 34.Qg3 Qe3+ 35.Qf2 Qf4 36.Qg3 Qe3+  1/2-1/2

[Event "Dortmund"]
[Site "Dortmund"]
[Date "1996.??.??"]
[Round "9"]
[White "Adams, Michael"]
[Black "Anand, Viswanathan"]
[Result "1/2-1/2"]
[WhiteElo "2685"]
[BlackElo "2735"]

1.e4 c5 2.Nf3 d6 3.c3 Nf6 4.Be2 g6 5.O-O Bg7 6.Bb5+ Bd7 7.Bxd7+ Qxd7 8.Re1 O-O
9.d4 Na6 10.d5 c4 11.Nbd2 Nc5 12.Nxc4 Ncxe4 13.a4 Nc5 14.Ne3 Qd8 15.Ra3 Nfd7
16.a5 Ne5 17.Nxe5 dxe5 18.b4 Nd7 19.c4 f5 20.Bb2 b6 21.Qa1 Rc8 22.Qa2 Rf7
23.axb6 axb6 24.Ra7 e4 25.Bxg7 Rxg7 26.Rd1 Rf7 27.h3 Ne5 28.Ra1 Qd6 29.Qa6 Rcf8
30.Rb7 f4 31.Rxb6 Qd7 32.Nf1 Qf5 33.Re6 Qg5 34.Kh1 f3 35.g3 Qh5 36.h4 Qf5
37.Kh2 Ng4+ 38.Kg1 Rf6 39.Rxf6 Rxf6 40.Qa8+ Kg7 41.Qa7 e3 42.Nxe3 Nxe3 43.Qxe7+ Rf7
44.Qxe3 Qh3 45.Qe5+ Kh6 46.Qg5+  1/2-1/2

[Event "Dortmund"]
[Site "Dortmund"]
[Date "1996.??.??"]
[Round "9"]
[White "Polgar, Judit"]
[Black "Leko, Peter"]
[Result "1/2-1/2"]
[WhiteElo "2665"]
[BlackElo "2630"]

1.e4 c5 2.Nf3 e6 3.d4 cxd4 4.Nxd4 Nc6 5.Nc3 Qc7 6.Be3 a6 7.Bd3 b5 8.O-O Bb7
9.Nxc6 Qxc6 10.Re1 Nf6 11.Bd4 Be7 12.Qf3 b4 13.Nd1 d6 14.b3 O-O 15.Bb2 Nd7
16.Qh3 Ne5 17.Ne3 Ng6 18.Rad1 Rfe8 19.Nc4 a5 20.Qg4 Qc5 21.Bf1 d5 22.exd5 Bxd5
23.a4 bxa3 24.Bxa3 Qc7 25.Bxe7 Nxe7 26.Ne5 Ng6 27.Nxg6 hxg6 28.Bd3 Rab8 29.Qg5 Bc6
30.h4 a4 31.bxa4 Bxa4 32.Re4 Bxc2 33.Rc1 Rb1 34.Ree1 Bxd3 35.Rxc7 Rxe1+ 36.Kh2 Rb1
37.f3 Rb5 38.Qc1 Rd5 39.Qc6 Rf8 40.Re7 Bb5 41.Qb6 Bf1 42.Kg1 Bc4 43.Qb4 Rd1+
44.Kh2 Bd5 45.Qg4 Rc1 46.h5 gxh5 47.Qxh5 Rcc8 48.Qg5 Bc6 49.Kg3 Rfe8 50.Ra7 Ra8
51.Rc7  1/2-1/2

[Event "Dortmund"]
[Site "Dortmund"]
[Date "1996.??.??"]
[Round "9"]
[White "Topalov, Veselin"]
[Black "Kramnik, Vladimir"]
[Result "1/2-1/2"]
[WhiteElo "2750"]
[BlackElo "2765"]

1.d4 d5 2.c4 c6 3.Nf3 Nf6 4.Nc3 e6 5.Bg5 dxc4 6.e4 b5 7.e5 h6 8.Bh4 g5 9.Nxg5 hxg5
10.Bxg5 Nbd7 11.exf6 Bb7 12.g3 c5 13.d5 Qb6 14.Bg2 O-O-O 15.O-O b4 16.Rb1 Qa6
17.dxe6 Bxg2 18.e7 Bxf1 19.Qd5 Bxe7 20.fxe7 Bd3 21.Ne4 Bxb1 22.Nd6+ Kc7 23.Bf4 Kb6
24.Nxc4+ Kb5 25.Nd6+ Kb6 26.exd8=Q+ Rxd8 27.Nc4+ Kb5 28.Nd6+ Kb6 29.Nc4+ Kb5  1/2-1/2